Syro-Egypt : notes on discoveries /

محفوظ في:

العنوان السابق: Ancient Egypt and the East

مؤلف مشترك: British School of Egyptian Archaeology.

مؤلفون آخرون: Petrie, W. M. Flinders 1853-1942.

التنسيق: دورية

اللغة: English

منشور في: London : British School of Egyptian Archaeology, [1937-1938].

الموضوعات:

الوسوم: إضافة وسم

لا توجد وسوم, كن أول من يضع وسما على هذه التسجيلة!

رقم الطلب: ( J )DT57 .S9

LEADER 00989nas a22003013 4500
001 10540813
003 OSt
005 20231108110631.0
008 930602c19371938uk u 0 0 0eng
999 |c 55001  |d 55001 
010 |a  40033021  
020 |a 2634-422X 
040 |c ARCE Library 
050 4 |a ( J )DT57 .S9 
245 0 0 |a Syro-Egypt :   |b notes on discoveries /   |c Flinders Petrie. 
246 0 0 |a Syro-Egypt. 
264 1 |a London :   |b British School of Egyptian Archaeology,   |c [1937-1938]. 
300 |a 4 v. :   |b illustrations ;   |c 23 cm. 
310 |a Semiannual. 
590 |a Holdings in 3x5 file. 
650 |a Archaeology   |v Periodicals. 
651 0 |a Egypt   |x Antiquities   |v Periodicals. 
651 0 |a Syria   |x Antiquities   |v Periodicals. 
700 1 |a Petrie, W. M. Flinders   |q (William Matthew Flinders),   |d 1853-1942. 
710 2 0 |a British School of Egyptian Archaeology. 
780 0 0 |n SERLOC preceding entry:  |t Ancient Egypt and the East 
901 |a reviewed 
942 |2 lcc  |c JL